| Record ID | marc_records_scriblio_net/part19.dat:59831776:916 |
| Source | Scriblio |
| Download Link | /show-records/marc_records_scriblio_net/part19.dat:59831776:916?format=raw |
LEADER: 00916cam 2200253 a 4500
001 86673233 //r912
003 DLC
005 19911127114905.4
008 860826s1951 fr b 00011 fre c
010 $a 86673233 //r912
020 $a2070104540
040 $aMH$cMH$dDLC
041 1 $afreeng
050 14 $aPS2604.F5$bL35x 1983
100 10 $aPoe, Edgar Allan,$d1809-1849.
240 10 $aProse works.$lFrench.$kSelections
245 10 $aŒuvres en prose /$cEdgar Allan Poe ; traduites par Charles Baudelaire ; texte établi et annoté par Y.-G. Le Dantec.
260 0 $a[Paris] :$bGallimard,$cc1951$g(1983 printing)
300 $axiii, 1165 p. ;$c18 cm.
490 0 $aBibliothèque de la Pléiade ;$v2
504 $aBibliography: p. [1147]-1159.
600 10 $aPoe, Edgar Allan,$d1809-1849$xTranslations into French.
700 10 $aBaudelaire, Charles,$d1821-1867.
700 10 $aLe Dantec, Y.-G.$q(Yves-Gérard),$d1898-1958.